|
|
|
|
| LEADER |
00000nab a2200000 a 4500 |
| 001 |
vtls008182258 |
| 003 |
SK-MaSNL |
| 005 |
20260303080317.0 |
| 008 |
160314c2005 xo mr|p|||||||000 b|slo |
| 015 |
|
|
|a SNBRB2005/07
|2 snkbucl
|
| 038 |
|
|
|a SNKBUCL
|
| 040 |
|
|
|a SNKBUCL
|b slo
|c SNKBUCL
|e AACR2
|
| 041 |
0 |
|
|a slo
|
| 044 |
|
|
|a xo
|c SK
|
| 080 |
|
|
|a 821.162.4-1
|2 1997
|
| 100 |
1 |
|
|a Ondrejčáková, Katarína
|4 aut
|9 857971
|
| 245 |
1 |
0 |
|a Verše
|c Katarína Ondrejčáková
|
| 500 |
|
|
|a Blok obsahuje 4 básne
|
| 650 |
0 |
7 |
|a ľúbostné básne, slovenské
|2 snkbucl
|9 29321
|
| 650 |
0 |
7 |
|a lyrické básne, slovenské
|2 snkbucl
|9 28980
|
| 740 |
0 |
2 |
|a Ukazovák tvojej ruky sa túla ...
|
| 740 |
0 |
2 |
|a Okolo teba ako družica dookola lietam ...
|
| 740 |
0 |
2 |
|a Topí ľady zmrznutej prózy pohľad ...
|
| 740 |
0 |
2 |
|a Dlaňami prikry moje telo ...
|
| 773 |
0 |
|
|t Tvorba
|g Roč. XV (XXIV), č. 1 (2005), s. 38
|x 1336-2526
|
| 852 |
|
|
|a SNK
|b KIS3GCP
|
| 958 |
|
|
|a LX
|
| 999 |
|
|
|c 1779913
|d 1781843
|